| 000 | 01624cam a2200385 a 4500 | ||
|---|---|---|---|
| 001 | 2980171 | ||
| 003 | OSt | ||
| 005 | 20210417103303.0 | ||
| 008 | 920625r19931992nyu b 001 0 eng | ||
| 010 | _a 92056347 | ||
| 020 | _a0679736883 (pbk.) | ||
| 040 |
_aDLC _cDLC _dDLC |
||
| 043 | _an-us--- | ||
| 050 | 1 | 0 |
_aE209 _b.W65 1993 |
| 080 |
_a94 _bW-83 |
||
| 082 | 0 | 0 |
_a973.3/1 _220 |
| 100 | 1 | _aWood, Gordon S. | |
| 245 | 1 | 4 |
_aThe radicalism of the American Revolution / _cGordon S. Wood. |
| 246 | 3 | 0 | _aAmerican Revolution |
| 250 | _a1st Vintage Books ed. | ||
| 260 |
_aNew York : _bVintage Books, _c1993. |
||
| 300 |
_ax, 447 p. ; _c21 cm. |
||
| 500 | _aOriginally published: New York : A.A. Knopf, 1992. | ||
| 504 | _aIncludes bibliographical references (p. [371]-430) and index. | ||
| 650 | 0 |
_aRadicalism _zUnited States _xHistory _y18th century. |
|
| 650 | 0 |
_aPolitical culture _zUnited States _xHistory _y18th century. |
|
| 651 | 0 |
_aUnited States _xHistory _yRevolution, 1775-1783 _xSocial aspects. |
|
| 651 | 0 |
_aUnited States _xPolitics and government _y1775-1783. |
|
| 653 |
_aისტორია _aპოლიტიკა და მთავრობა _aრევოლუცია |
||
| 856 | 4 | 2 |
_3Publisher description _uhttp://www.loc.gov/catdir/description/random048/92056347.html |
| 856 | 4 | 1 |
_3Table of contents only _uhttp://www.loc.gov/catdir/enhancements/fy0601/92056347-t.html |
| 906 |
_a7 _bcbc _corignew _d1 _eocip _f19 _gy-gencatlg |
||
| 942 |
_2udc _cBK |
||
| 999 |
_c164 _d164 |
||